|
|
|
|
| LEADER |
00712nab a2200181 i 4500 |
| 001 |
acta10717 |
| 005 |
20210609091234.0 |
| 008 |
161015s1949 hu o 0|| ger d |
| 022 |
|
|
|a 0563-0649
|
| 040 |
|
|
|a SZTE Egyetemi Kiadványok Repozitórium
|b hun
|
| 041 |
|
|
|a ger
|
| 100 |
2 |
|
|a Koltay-Kastner Jenő
|
| 245 |
1 |
0 |
|a Rechberg külügyminiszter jegyzéke Kempenhez a franciák által tervezett magyar felkelésről
|h [elektronikus dokumentum] :
|b Wien, 1859 június 2. /
|c Koltay-Kastner Jenő
|
| 260 |
|
|
|c 1949
|
| 300 |
|
|
|a 172
|
| 490 |
0 |
|
|a Acta Universitatis Szegediensis : sectio philologica
|
| 695 |
|
|
|a Történelemtudomány
|
| 856 |
4 |
0 |
|u http://acta.bibl.u-szeged.hu/10717/1/philologica_018_172.pdf
|z Dokumentum-elérés
|